000 00926nam a2200265Ia 4500
003 OSt
005 20220918171103.0
006 a|||||r|||| 00| 0
007 ta
008 220917b |||||||| |||| 00| 0 eng d
020 _a9781138775633 (hbk)
_c8133.64
024 _a285,820
037 _bCBS/319, 05/03/2015, Classic Book Service
_cTextual
040 _aARTS
_cARTS
_beng
041 _2eng
_aeng
082 _aO111972:g(Y35), Q4
100 _aFraile - Marcos Ana Maria Ed.
_934000
245 0 _aLiterature and glocal city
_b Reshaping the english canadian imaginary
260 _aNew York
_bRoutledge UK
_c2014
300 _axii, 195p.
_ccm.
490 _aRoutledge interdisciplinary perspectives on literature
650 _aENGLISH LITERATURE
942 _hO111972:g(Y35), Q4
_cTEXL
_2CC
999 _c137803
_d137803